Central Library OPAC University of Rajshahi

উত্তর আধুনিক রাজনীতি ও মার্কসবাদ / (Record no. 40278)

MARC details
000 -LEADER
fixed length control field 00891nam a2200241 a 4500
001 - CONTROL NUMBER
control field 40278
003 - CONTROL NUMBER IDENTIFIER
rucl marc code BD-RjUL
005 - DATE AND TIME OF LATEST TRANSACTION
control field 20211209053201.0
008 - FIXED-LENGTH DATA ELEMENTS--GENERAL INFORMATION
fixed length control field 160427s2005 ii ||||| b||| 00| 0 ben d
020 ## - INTERNATIONAL STANDARD BOOK NUMBER
International Standard Book Number 8185471959
Terms of availability : Tk. 160.00
035 ## - SYSTEM CONTROL NUMBER
System control number (BD-RjUL) 40393
040 ## - CATALOGING SOURCE
Original cataloging agency BD-RjUL
Language of cataloging ben
Transcribing agency BD-RjUL
041 ## - LANGUAGE CODE
Language code of text/sound track or separate title ben
082 ## - DEWEY DECIMAL CLASSIFICATION NUMBER
Edition number 23
Classification number 322.4209541
Author mark and year BAU 2005
100 ## - MAIN ENTRY--PERSONAL NAME
Personal name বসু, প্রদীপ
9 (RLIN) 124105
245 10 - TITLE STATEMENT
Title উত্তর আধুনিক রাজনীতি ও মার্কসবাদ /
Statement of responsibility, etc. প্রদীপ বসু
260 ## - PUBLICATION, DISTRIBUTION, ETC. (IMPRINT)
Place of publication, distribution, etc. কলকাতা :
Name of publisher, distributor, etc. পুস্তক বিপণি,
Date of publication, distribution, etc. ২০০৫
300 ## - PHYSICAL DESCRIPTION
Pagination ২৭৯ পৃ. ;
Size ২২ সেমি.
504 ## - BIBLIOGRAPHY, ETC. NOTE
Bibliography, etc গ্রন্থপঞ্জি সংযুক্ত
650 ## - SUBJECT ADDED ENTRY--TOPICAL TERM
Topical term or geographic name as entry element সাম্যবাদ
Geographic subdivision ভারত
9 (RLIN) 124106
Topical term or geographic name as entry element Communism
Geographic subdivision India
9 (RLIN) 124107
942 ## - ADDED ENTRY ELEMENTS (KOHA)
Source of classification or shelving scheme Dewey Decimal Classification
Koha item type Books
Holdings
Lost status Source of classification or shelving scheme Damaged status Not for loan Collection code Permanent Location Current Location Shelving location Date acquired Source of acquisition Cost, normal purchase price Total Checkouts Full call number Date last seen Copy number Koha item type
  Dewey Decimal Classification     Non-fiction Central Library, University of Rajshahi Central Library, University of Rajshahi   26/05/2007 Paragon, Dhaka 160.00   B 322.4209541 BAU 2005 27/04/2016 C-2 Books
  Dewey Decimal Classification   Not For Loan Non-fiction Central Library, University of Rajshahi Central Library, University of Rajshahi Reading Room 26/05/2007 Paragon Enterprise Ltd.Dhaka. 160.00   B 322.4209541 BAU 2005 11/12/2016 C-1 Books